Welcome to the Holygrace Academy Library

Please use search bar below to get started

PLAY IT AS IT LIES (Record no. 6196)

MARC details
000 -LEADER
fixed length control field 00315nam a22001457a 4500
020 ## - INTERNATIONAL STANDARD BOOK NUMBER
ISBN 0-413-19240-7
082 ## - DEWEY DECIMAL CLASSIFICATION NUMBER
Classification number 823
Item number MAN/P
100 ## - MAIN ENTRY--AUTHOR NAME
Personal name MANUAL, GOLFING
245 ## - TITLE STATEMENT
Title PLAY IT AS IT LIES
260 ## - PUBLICATION, DISTRIBUTION, ETC. (IMPRINT)
Place of publication LONDON
Name of publisher METHUEN LTD
Year of publication 1988
300 ## - PHYSICAL DESCRIPTION
Number of Pages 128
520 ## - SUMMARY, ETC.
Summary, etc SHORT STORY
650 ## - SUBJECT ADDED ENTRY--TOPICAL TERM
Topical Term SHORT STORY
942 ## - ADDED ENTRY ELEMENTS (KOHA)
Koha item type Books
Holdings
Withdrawn status Lost status Collection code Home library Current library Shelving location Date acquired Source of acquisition Full call number Accession Number Koha item type
    Fiction Main Library Main Library SHELF 15-K-CHILDREN'S STORYBOOKS 29/01/2019 Purchase 823 MAN/P 10794 Books